• 首页
  • 本馆介绍
  • 公告通知
  • 最新文献
  • 馆藏检索
  • 电子资源
  • 读者导购
  • 参考咨询
  • 我的图书馆
  • 登录
  • 详细信息显示
  • 放入我的书架
  • 预约/预借图书
  • 作者相关作品
  • 分类相关作品
  • 丛书相关作品
  • 出版社相关作品

书目信息

  • 表格格式
  • 工作单格式
  • 卡片格式
题名:
王羲之行书临习技法精解
    
 
作者: 马骋 编著
分册:  
出版信息: 郑州   中州古籍出版社  2020.6
页数: 86页
开本: 34cm
丛书名:
单 册:
中图分类: J292.113.5
科图分类:
主题词: 行书--书法
电子资源:
ISBN: 978-7-5348-5812-3
000 00797nam0 2200241 45
001 489798
005 20140818162454.0
010    @a978-7-5348-5812-3@dCNY32.00
100    @a20160826d2016 em y0chiy0110 ea
101 0  @achi
102    @aCN@b410000
105    @ay z 000yy
106    @ar
200 1  @a王羲之行书临习技法精解@Awang xi zhi xing shu lin xi ji fa jing jie@f马骋编著
210    @a郑州@c中州古籍出版社@d2020.6
215    @a86页@d34cm
300    @a历代名家碑帖临习技法精解
330    @a本书选取了王羲之的《兰亭序》、《唐怀仁集圣教序碑》、《兴福寺半截碑》为范本,对所选的每个字的用笔、结构、用墨等方面的技法进行分析。
606 0  @a行书@x书法
690    @aJ292.113.5@v5
701  0 @a马骋@AMa Cheng@4编著
801    @aCN@b江苏凤凰@c20211018
905    @b1356416-9@dJ292.113.5@e723@f4
    
    王羲之行书临习技法精解/马骋编著.-郑州:中州古籍出版社,2020.6
    86页;34cm
    历代名家碑帖临习技法精解
    
    ISBN 978-7-5348-5812-3:CNY32.00
    本书选取了王羲之的《兰亭序》、《唐怀仁集圣教序碑》、《兴福寺半截碑》为范本,对所选的每个字的用笔、结构、用墨等方面的技法进行分析。
●
相关链接 在E读中查询图书 在五车中查询图书 在当当中查询图书 在豆瓣中查询图书


正题名:王羲之行书临习技法精解     索取号:J292.113.5/723         预约/预借

序号 登录号 条形码 馆藏地/架位号 状态 备注
1 1356416   213564169   第一样本阅览室/ [索取号:J292.113.5/723] 在馆    
2 1356417   213564178   第一借阅区/ [索取号:J292.113.5/723] 在馆    
3 1356418   213564187   第一借阅区/ [索取号:J292.113.5/723] 在馆    
4 1356419   213564196   第一借阅区/ [索取号:J292.113.5/723] 在馆    
唐山师范学院图书馆 欢迎您!
大连网信软件有限公司© 版权所有